000 01895nam a2200421 c 4500
003 BLK
005 20250712111008.0
008 180411b bul|||||r ||||||| ||bul||
010 _aKNG00185640000
020 _a978-954-9384-25-3
_bиздат.: Св. Климент Охридски - на том(т. 1)
040 _aBLK
041 _aBUL
_cBUL
072 7 _2bullib
_aН84
_xБългарска художествена литература Н
080 _aБългарска литература
_b821.163.2
_x-94
_z821.163.2-94
080 _aТрета българска държава (от 1878)
_b94(497.2)"1878..."
_x(093.3)
_z94(497.2)"1878..."(093.3)
100 1 _aПетрова, Султана Рачо
_eпърви автор
_9340864
700 1 _aАндонова, Зоя Евлогиева
_eпредг. и ред.
_9363438
139 _aПетрова, Султана Рачо
_bП 47
245 1 0 _aИз моите спомени
_cСултана Рачо Петрова; предг. и ред. Зоя Евлогиева Андонова.
_nТ. 1
257 _aBGR
260 София
_c2013 -
_fСофия : Дайрект сървисиз
300 _c21 см
380 _aX
500 _a1. изд. 1922 - 1939 на изд. Акация.
650 0 _aБългария - история - извори
_9254752
651 4 _aБългария
_9241624
653 _aмемоари
653 _aспомени
653 _aбългарска история
659 _aН
760 1 _3- на том(т. 1)
_aПетрова, Султана Рачо
_dСв. Климент Охридски, 2013
_h226 с. : с ил., портр.
_tТ. 1
852 _aЦб 278715
856 4 _qpdf
_u
856 4 _qpdf
_u
942 _cKNG
_n0
_012
944 _aCR
_c16.12.2015
_lМартин Енчев
_k30575
944 _aED
_c07.01.2016
_lф /
_kЛюдмила_Стоянова
999 _c177004
_d177004